|
|
|
|
| LEADER |
01745nam a2200481 a 4500 |
| 001 |
000930119 |
| 003 |
CZ BrMZK |
| 005 |
20090310075355.0 |
| 007 |
ta |
| 008 |
090212s1931 gw e 000 0 ger |
| 020 |
|
|
|q (Brož.)
|
| 040 |
|
|
|a BOA001
|b cze
|
| 043 |
|
|
|a e-ur---
|
| 080 |
|
|
|a 321.74
|2 MRF
|
| 080 |
|
|
|a 141.82
|2 MRF
|
| 080 |
|
|
|a 323.282
|2 MRF
|
| 080 |
|
|
|a 338.2
|2 MRF
|
| 080 |
|
|
|a 355.014
|2 MRF
|
| 080 |
|
|
|a 94(47+57)
|2 MRF
|
| 080 |
|
|
|a 328/329
|2 MRF
|
| 080 |
|
|
|a 323
|2 MRF
|
| 080 |
|
|
|a 338
|2 MRF
|
| 080 |
|
|
|a (049)
|2 MRF
|
| 100 |
1 |
|
|a Trachtenberg, Jakow,
|d 1888-1953
|7 ola2004231394
|4 aut
|
| 245 |
1 |
0 |
|a Rotes Russland rüstet! /
|c Jakow Trachtenberg ; Übersetzung nach dem russischen Manuskript von Georg Neun
|
| 250 |
|
|
|a 5. und 6. Aufl.
|
| 260 |
|
|
|a Berlin :
|b Jakow Trachtenberg Verlag,
|c 1931
|
| 300 |
|
|
|a 199 s. ;
|c 20 cm
|
| 650 |
0 |
7 |
|a komunistický režim
|7 ph114960
|z Sovětský svaz
|2 czenas
|
| 650 |
0 |
7 |
|a stalinismus
|7 ph126016
|z Sovětský svaz
|2 czenas
|
| 650 |
0 |
7 |
|a státní teror
|7 ph126196
|z Sovětský svaz
|2 czenas
|
| 650 |
0 |
7 |
|a hospodářská politika
|7 ph114701
|z Sovětský svaz
|2 czenas
|
| 650 |
0 |
7 |
|a zbrojení
|7 ph139158
|z Sovětský svaz
|2 czenas
|
| 655 |
|
7 |
|a pojednání
|7 fd133056
|2 czenas
|
| 651 |
|
7 |
|a Sovětský svaz
|7 ge128583
|x dějiny
|2 czenas
|
| 651 |
|
7 |
|a Sovětský svaz
|7 ge128583
|x hospodářské poměry
|2 czenas
|
| 651 |
|
7 |
|a Sovětský svaz
|7 ge128583
|x politika a vláda
|2 czenas
|
| 651 |
|
7 |
|a Sovětský svaz
|7 ge128583
|x společnost a politika
|2 czenas
|
| 765 |
0 |
8 |
|i Název původního vyd.:
|t Rußland von Heute
|
| 910 |
2 |
|
|a BOA001
|b 1-1218.447
|
| 990 |
|
|
|a BK
|
| 991 |
|
|
|b 200903
|
| 996 |
7 |
|
|b 2610369497
|c 1-1218.447
|l MZK
|r Sklad / do 1 hodiny
|n 0
|p dar
|w 000930119
|u 000010
|a 1
|e BOA001
|j MZK50
|s A
|